The Stanford mathematics problem book : with hints and solutions

Αποθηκεύτηκε σε:
Λεπτομέρειες βιβλιογραφικής εγγραφής
Κύριος συγγραφέας: Polya, George 1887-1985
Άλλοι συγγραφείς: Kilpatrick, Jeremy
Μορφή: Βιβλίο
Γλώσσα:English
Δημοσίευση: New York : Teachers College Press, c1974.
Θέματα:
Ετικέτες: Προσθήκη ετικέτας
Δεν υπάρχουν, Καταχωρήστε ετικέτα πρώτοι!

MARC

LEADER 00000nam a2200000 i 4500
001 1/36252
008 941103s1974 us eng d
035 |a 1988  |c ΣΤΡΑΝΤΖΑΛΟΣ  |l 10040190 
040 |a GR-MY-UA  |b gre  |e aacr 
041 0 |a eng 
082 0 |a 510.76  
100 1 |a Polya, George  |d 1887-1985. 
245 1 4 |a The Stanford mathematics problem book :   |b with hints and solutions /   |c George Polya, Jeremy Kilpatrick.  
260 |a New York :   |b Teachers College Press,   |c c1974.  
300 |a 68 σ. ;   |c 23 εκ. 
504 |a Βιβλιογραφία: σ. 67-68 
650 0 0 |a Mathematics  |x Problems, exercises, etc. 
700 1 |a Kilpatrick, Jeremy. 
852 |a INST  |b SAMOS  |e 19941103  |h 510.76 POL  |p 005300001819  |q 005300001819  |t BK  |y 0 
852 |a INST  |b SAMOS  |e 20151005  |h 510.76 POL  |p 005300042953  |q 005300042953  |t BK  |y 0 
852 |a INST  |b SAMOS  |e 20151005  |h 510.76 POL  |p 005300042954  |q 005300042954  |t BK  |y 0 
909 |a Σ  |b 009324 
920 |a Μάγειρας   |b Παναγιώτης  |y Σάμος  |z 2008-09 
970 |a Σιτζίμη  |b Γιασεμή  |z 05/10/2015